Central Library OPAC University of Rajshahi

Maxims and reflections / (Record no. 6090)

MARC details
000 -LEADER
fixed length control field 00759nam a2200229 a 4500
001 - CONTROL NUMBER
control field 6090
003 - CONTROL NUMBER IDENTIFIER
rucl marc code BD RJUL
005 - DATE AND TIME OF LATEST TRANSACTION
control field 20211208234202.0
008 - FIXED-LENGTH DATA ELEMENTS--GENERAL INFORMATION
fixed length control field 090114s19161916ii h 000 0deng d
035 ## - SYSTEM CONTROL NUMBER
System control number (BD-RjUL)6129
040 ## - CATALOGING SOURCE
Original cataloging agency BD-RjUL
Language of cataloging eng
Transcribing agency BD-RjUL
Modifying agency (BD-RjUL)
041 1# - LANGUAGE CODE
Language code of text/sound track or separate title eng
Language code of original per
082 ## - DEWEY DECIMAL CLASSIFICATION NUMBER
Edition number 22
Classification number 811.6
Author mark and year BUM 1916
100 10 - MAIN ENTRY--PERSONAL NAME
Personal name Khuda Bukhsh, S.
Fuller form of name (Salahuddin),
Dates associated with a name 1877-1931.
9 (RLIN) 19168
245 10 - TITLE STATEMENT
Title Maxims and reflections /
Statement of responsibility, etc. by S. Khuda Bakhsh.
260 ## - PUBLICATION, DISTRIBUTION, ETC. (IMPRINT)
Place of publication, distribution, etc. Patna :
Name of publisher, distributor, etc. Khuda Bakhsh Oriental Public Library,
Date of publication, distribution, etc. 1916
300 ## - PHYSICAL DESCRIPTION
Pagination 85 p. :
Illustrations ill. ;
Size 22 cm.
500 ## - GENERAL NOTE
General note Translated from Persian.
General note Originally published: London : J.M. Dent & Sons, 1916.
650 #0 - SUBJECT ADDED ENTRY--TOPICAL TERM
Topical term or geographic name as entry element Quotations, Persian
General subdivision Translations into English.
9 (RLIN) 19169
942 ## - ADDED ENTRY ELEMENTS (KOHA)
Source of classification or shelving scheme Dewey Decimal Classification
Koha item type Books
Holdings
Lost status Source of classification or shelving scheme Damaged status Not for loan Collection code Permanent Location Current Location Shelving location Date acquired Source of acquisition Total Checkouts Full call number Date last seen Copy number Koha item type
  Dewey Decimal Classification   Not For Loan Non-fiction Central Library, University of Rajshahi Central Library, University of Rajshahi   19/01/1963 Grenich agen.   811.6 BUM 1916 09/01/2014 C-1 Books